000 00804nam a2200241Ia 4500
003 GCL
008 140319s9999 xx 000 0 ara d
040 _aGCL /
_cGCL
082 0 4 _a321
_bع ا
100 1 _aعبدالله حسن الجوجو
245 1 0 _aالانظمة السياسية المعاصرة: دراسة مقارنة /
_cعبدالله حسن الجوجو
300 _a385 ص
490 _aالهيئة العامة للاستعلامات
_v0
650 0 4 _aالسياسة
650 0 4 _aالاحزاب السياسية
650 0 4 _aالدولة الملكية
650 0 4 _aالنظم السياسية
650 0 4 _aنظم الحكم
650 0 4 _aالجمهوريات
650 0 4 _aالدولة النيابية
650 0 4 _aالدولة الرئاسية
942 _2ddc
_cBK
999 _c49353
_d49353